000 00302nam a22001337a 4500
008 170418b xxu||||| |||| 00| 0 eng d
020 _a9780073383231
041 _aeng
080 _27TH
_a573
100 _a11
101 _aSHM
245 _aUNDERSTANDING EVOLUTION
_cROSENBAUM, P.A
942 _2udc
_cBK
999 _c11056
_d11056